[Event "HEM A-Turnier"]
[Site "Marburg"]
[Date "2017.??.??"]
[Round "1.1"]
[White "Muth, Andreas"]
[Black "Sadeghi, Behrang"]
[Result "1/2-1/2"]
[WhiteElo "2037"]
[BlackElo "2283"]
[PlyCount "70"]
[EventDate "2017.??.??"]
[WhiteTeam "Sfr. Wieseck"]
[BlackTeam "SG Idstein"]

1. d4 e6 2. Nf3 Nf6 3. g3 b6 4. Bg2 Bb7 5. O-O g6 6. c4 Bg7 7. Nc3 Ne4 8. Qc2
Nxc3 9. bxc3 O-O 10. e4 d6 11. Bg5 Qc8 12. Bh3 h6 13. Be3 Nd7 14. Nd2 Qe8 15.
Rae1 Qe7 16. f4 e5 17. fxe5 dxe5 18. d5 a5 19. Rf2 Nf6 20. Ref1 Kh7 21. Kg2 Nd7
22. Qa4 Rad8 23. Rb1 Nc5 24. Qa3 Ba6 25. Nb3 Bxc4 26. Nxc5 Bd3 27. Rb3 bxc5 28.
Bxc5 Bxe4+ 29. Kg1 Qg5 30. c4 f5 31. Be7 Qh5 32. Bf1 a4 33. Rb5 Ra8 34. Bxf8
Bxf8 35. Qb2 Re8 1/2-1/2

[Event "HEM A-Turnier"]
[Site "Marburg"]
[Date "2017.??.??"]
[Round "1.2"]
[White "Everett, Elijah"]
[Black "Keuth, Gerd Erich"]
[Result "1-0"]
[WhiteElo "2182"]
[BlackElo "2028"]
[PlyCount "101"]
[EventDate "2017.??.??"]
[WhiteTeam "SF Schöneck"]
[BlackTeam "SK Herborn"]

1. e4 c6 2. d4 d5 3. Nd2 dxe4 4. Nxe4 Nf6 5. Nxf6+ gxf6 6. c3 Bf5 7. Nf3 e6 8.
g3 Qd5 9. Bg2 Qe4+ 10. Be3 Qc2 11. Qxc2 Bxc2 12. Nd2 Nd7 13. O-O Be7 14. Rfc1
Bd3 15. Ne4 O-O 16. Rd1 Be2 17. Rd2 Bh5 18. Bf4 Nb6 19. Bd6 Bxd6 20. Nxd6 Rab8
21. Ne4 Kg7 22. b3 Rfd8 23. f4 Nd5 24. c4 Ne3 25. Bh1 Bg6 26. Re1 Nf5 27. d5
cxd5 28. cxd5 Nd6 29. dxe6 Nxe4 30. Rxd8 Rxd8 31. Bxe4 Bxe4 32. Rxe4 fxe6 33.
Rxe6 Rd2 34. Re7+ Kg6 35. a4 b6 36. Rxa7 Rb2 37. f5+ Kxf5 38. Rxh7 Rxb3 39.
Rh5+ Ke4 40. Rb5 Ra3 41. Rxb6 f5 42. Rb4+ Ke5 43. Kg2 Ra2+ 44. Kh3 Kf6 45. Rb6+
Kg5 46. Ra6 Kh5 47. Ra8 Ra3 48. a5 f4 49. a6 f3 50. a7 f2 51. Kg2 1-0

[Event "HEM A-Turnier"]
[Site "Marburg"]
[Date "2017.??.??"]
[Round "1.3"]
[White "Kuhn, Gerhard"]
[Black "Henrich, David"]
[Result "1/2-1/2"]
[WhiteElo "2023"]
[BlackElo "2153"]
[PlyCount "43"]
[EventDate "2017.??.??"]
[WhiteTeam "SK Marburg"]
[BlackTeam "SK Niederbrechen"]

1. e4 d6 2. d4 Nf6 3. Nc3 Nbd7 4. Nf3 e5 5. Bc4 Be7 6. O-O O-O 7. h3 c6 8. a4
a5 9. Re1 Nb6 10. Bb3 Nfd7 11. dxe5 dxe5 12. Be3 Qc7 13. Qe2 Nc5 14. Rad1 Nxb3
15. cxb3 Be6 16. Qc2 Rfc8 17. Rc1 Nd7 18. Nd5 Qd8 19. Nxe7+ Qxe7 20. Ng5 Nf8
21. Nxe6 Nxe6 22. Qc3 1/2-1/2

[Event "HEM A-Turnier"]
[Site "Marburg"]
[Date "2017.??.??"]
[Round "1.4"]
[White "Nekhamkis, Genadi"]
[Black "Ries, Jutta"]
[Result "0-1"]
[WhiteElo "2121"]
[BlackElo "1983"]
[PlyCount "82"]
[EventDate "2017.??.??"]
[WhiteTeam "SK Marburg"]
[BlackTeam "SC FK Babenhausen"]

1. e4 Nf6 2. e5 Nd5 3. d4 d6 4. Bc4 Nb6 5. Bb3 dxe5 6. Qh5 e6 7. dxe5 Nc6 8.
Nc3 g6 9. Qe2 Bg7 10. Nf3 Nd4 11. Nxd4 Qxd4 12. f4 O-O 13. Be3 Qd8 14. O-O Nd5
15. Bd2 Nxc3 16. Bxc3 b6 17. Qg4 Qe7 18. Rf3 Bb7 19. Rh3 Rad8 20. Be1 Qc5+ 21.
Bf2 Qc6 22. Rc3 Qd7 23. Re1 c5 24. Bc4 Qc6 25. Be2 Rd7 26. b4 Qa4 27. bxc5 bxc5
28. Bc4 Qb4 29. Qg3 Rd2 30. Bb3 Rfd8 31. a3 Qa5 32. Rxc5 Qxa3 33. Rc7 Qb4 34.
h3 a5 35. Qe3 Bh6 36. Rc4 Qb5 37. Qc3 Qd5 38. Rce4 Qb5 39. Ra4 Rd1 40. Rxa5
Rxe1+ 41. Bxe1 Qe2 0-1

[Event "HEM A-Turnier"]
[Site "Marburg"]
[Date "2017.??.??"]
[Round "1.5"]
[White "Bluebaum, Johanna"]
[Black "Reschke, Thomas"]
[Result "0-1"]
[WhiteElo "1977"]
[BlackElo "2118"]
[PlyCount "89"]
[EventDate "2017.??.??"]
[WhiteTeam "SV Königsspringer Lemgo"]
[BlackTeam "SC Frankfurt-West"]

1. d4 g6 2. c4 Bg7 3. e4 d6 4. Nf3 Bg4 5. Be2 Nc6 6. Be3 e5 7. d5 Nce7 8. Nc3
Bxf3 9. Bxf3 f5 10. Qa4+ Qd7 11. Qxd7+ Kxd7 12. O-O Nf6 13. g3 h5 14. h4 Bh6
15. Rad1 Bxe3 16. fxe3 Rag8 17. Bg2 g5 18. exf5 gxh4 19. gxh4 Rg4 20. Rf2 Rxh4
21. e4 Rg8 22. Re1 Rgg4 23. Kf1 Neg8 24. Re3 Nh6 25. Rh3 Rxh3 26. Bxh3 Rg3 27.
Rh2 a6 28. Kf2 Rd3 29. Ke2 Rd4 30. Bg2 Rxc4 31. Bf3 Nhg4 32. Bxg4 hxg4 33. Ke3
b5 34. a3 a5 35. Rh6 Ke7 36. Nxb5 Rxe4+ 37. Kd3 g3 38. Rg6 Rg4 39. Rxg4 Nxg4
40. Nc3 g2 41. Ne2 a4 42. b3 axb3 43. a4 Nf6 44. a5 Nxd5 45. a6 0-1

[Event "HEM A-Turnier"]
[Site "Marburg"]
[Date "2017.??.??"]
[Round "1.6"]
[White "Tornay Gomez, Josu"]
[Black "Hanig, Gunnar"]
[Result "1-0"]
[WhiteElo "2105"]
[BlackElo "1972"]
[PlyCount "75"]
[EventDate "2017.??.??"]
[WhiteTeam "SC Herborn"]
[BlackTeam "SK Marburg"]

1. e4 c6 2. d4 d5 3. e5 Bf5 4. Nf3 e6 5. Be2 c5 6. Be3 Nc6 7. dxc5 Qc7 8. c3
Nge7 9. Qa4 Ng6 10. Bb5 Be7 11. O-O O-O 12. Bxc6 bxc6 13. Nbd2 Nxe5 14. Nxe5
Qxe5 15. Qxc6 Rfc8 16. Qb7 Qf6 17. Nb3 Bd3 18. Rfe1 Rab8 19. Qxa7 Ra8 20. Qd7
Rd8 21. Qc7 e5 22. f4 exf4 23. Qxf4 Qg6 24. Bd4 Be4 25. Qg3 Qh6 26. Be3 Qh5 27.
Rf1 Rab8 28. c6 Bd6 29. Bf4 Bxf4 30. Rxf4 Rdc8 31. Rf2 Qh6 32. Nd4 Rb6 33. Raf1
f6 34. Rxf6 Qh5 35. R6f2 Qe8 36. Qd6 h6 37. b4 Bd3 38. Qxd5+ 1-0

[Event "HEM A-Turnier"]
[Site "Marburg"]
[Date "2017.??.??"]
[Round "1.7"]
[White "Schirra, Maurice"]
[Black "Flach, Erich"]
[Result "0-1"]
[WhiteElo "1948"]
[BlackElo "2098"]
[PlyCount "126"]
[EventDate "2017.??.??"]
[WhiteTeam "TG Wehlheiden"]
[BlackTeam "SK Langen"]

1. e4 c5 2. Nc3 Nc6 3. Bb5 Nd4 4. Bc4 g6 5. Nf3 Bg7 6. Nxd4 cxd4 7. Qf3 Nf6 8.
Nb5 d5 9. Bxd5 Nxd5 10. exd5 a6 11. Na3 b5 12. d6 Ra7 13. Qc6+ Rd7 14. O-O e6
15. d3 O-O 16. Re1 Rxd6 17. Qf3 Rd5 18. Bd2 Bb7 19. Qg3 Rf5 20. f3 Bf6 21. Re2
Qd5 22. Nb1 Rc8 23. Be1 Be5 24. Qf2 Rh5 25. h3 Qd6 26. Qf1 Bh2+ 27. Kh1 Bf4 28.
Bd2 Bg3 29. Bc1 Rhc5 30. Qd1 Qc7 31. Na3 Rf5 32. Qf1 Qe7 33. Nb1 Rfc5 34. Na3
Qh4 35. Kg1 Rf5 36. Nb1 Rcc5 37. Nd2 Rxc2 38. Ne4 Rc8 39. Bg5 Rxg5 40. Nxg5
Qxg5 41. Qd1 Bf4 42. Rc2 Rxc2 43. Qxc2 Be3+ 44. Kf1 Qg3 45. Qe2 Qh2 46. Ke1 h5
47. a4 b4 48. a5 Bc6 49. Ra2 Bb5 50. b3 Qg1+ 51. Qf1 Qxf1+ 52. Kxf1 Bxd3+ 53.
Ke1 Bb5 54. Rc2 Kf8 55. Rc7 d3 56. Kd1 Ke8 57. Rc8+ Kd7 58. Rf8 Ke7 59. Rc8 d2
60. Rc7+ Ke8 61. Rb7 Bf1 62. Rxb4 Bxg2 63. Ke2 Bxf3+ 0-1

[Event "HEM A-Turnier"]
[Site "Marburg"]
[Date "2017.??.??"]
[Round "1.8"]
[White "Goloborodko, Dimitri"]
[Black "Maar, Samuel"]
[Result "1-0"]
[WhiteElo "2090"]
[BlackElo "1947"]
[PlyCount "53"]
[EventDate "2017.??.??"]
[WhiteTeam "SG Idstein"]
[BlackTeam "Bad Emstal"]

1. d4 Nf6 2. Nf3 g6 3. g3 Bg7 4. Bg2 O-O 5. O-O d6 6. c4 Nbd7 7. Nc3 e5 8. Qc2
Re8 9. Rd1 exd4 10. Nxd4 Nb6 11. c5 Nc4 12. b3 Ne5 13. cxd6 cxd6 14. Ba3 d5 15.
Ncb5 Be6 16. Rac1 a6 17. Nc7 Rc8 18. Ncxe6 Rxc2 19. Nxd8 Rxc1 20. Rxc1 Rxd8 21.
Rc7 Nfg4 22. Be7 Re8 23. Bxd5 Bf6 24. Bxf6 Nxf6 25. Bxb7 Kg7 26. b4 Rd8 27.
Ne6+ 1-0

[Event "HEM A-Turnier"]
[Site "Marburg"]
[Date "2017.??.??"]
[Round "1.9"]
[White "Wolff, Peter"]
[Black "Montermann, Klaus"]
[Result "1/2-1/2"]
[WhiteElo "1946"]
[BlackElo "2068"]
[PlyCount "64"]
[EventDate "2017.??.??"]
[WhiteTeam "VSG Offenbach"]
[BlackTeam "SK Marburg"]

1. c4 e5 2. g3 d6 3. Bg2 c5 4. Nc3 Nc6 5. e4 g5 6. d3 Bg7 7. Nge2 h6 8. Be3
Nge7 9. Qd2 Bg4 10. f3 Bd7 11. O-O Nd4 12. Rab1 a5 13. Rf2 Qc7 14. Rbf1 O-O-O
15. Kh1 Bc6 16. f4 gxf4 17. gxf4 f5 18. Nd5 Bxd5 19. exd5 b6 20. Bh3 Kb7 21.
Ng3 exf4 22. Bxf4 Rdf8 23. Be3 Rf7 24. Nxf5 Nexf5 25. Bxf5 Rhf8 26. Bg6 Rxf2
27. Rxf2 Qe7 28. Rxf8 Qxf8 29. Qf2 Qxf2 30. Bxf2 Nc2 31. Bg3 Kc7 32. Bf4 Kd7
1/2-1/2

[Event "HEM A-Turnier"]
[Site "Marburg"]
[Date "2017.??.??"]
[Round "1.10"]
[White "Rolf, Marco"]
[Black "Kobs, Stephan"]
[Result "1/2-1/2"]
[WhiteElo "2067"]
[BlackElo "1936"]
[PlyCount "105"]
[EventDate "2017.??.??"]
[WhiteTeam "SK Bad Homburg"]
[BlackTeam "SV Esens"]

1. d4 Nf6 2. c4 c5 3. d5 b5 4. cxb5 a6 5. b6 Qxb6 6. Nc3 d6 7. e4 g6 8. Be2 Bg7
9. Nf3 Nbd7 10. Nd2 O-O 11. O-O Qc7 12. Nc4 Nb6 13. Ne3 Bb7 14. a4 a5 15. f4
Rfd8 16. Bf3 Ba6 17. Re1 Rab8 18. Qc2 e6 19. dxe6 fxe6 20. Bd2 d5 21. exd5 exd5
22. Nb5 Bxb5 23. axb5 a4 24. f5 d4 25. Nc4 d3 26. Qc1 Nfd5 27. Ba5 Bd4+ 28. Kh1
d2 29. Bxd2 Nxc4 30. Qxc4 Qf7 31. Re6 Nb6 32. Qe2 Bxb2 33. Rf1 Re8 34. Bc6 Rf8
35. Bh6 a3 36. h4 gxf5 37. Re7 Qg6 38. Bxf8 Rxf8 39. h5 Qf6 40. Qe6+ Qxe6 41.
Rxe6 a2 42. Ree1 Kg7 43. Ra1 Bxa1 44. Rxa1 Kh6 45. Bf3 Kg5 46. Rxa2 c4 47. Kg1
Rc8 48. Kf2 Rc5 49. Rb2 c3 50. Rc2 Rxb5 51. Rxc3 Nd5 52. Bxd5 Rxd5 53. Rh3
1/2-1/2

[Event "HEM A-Turnier"]
[Site "Marburg"]
[Date "2017.??.??"]
[Round "1.11"]
[White "Laschenko, Sergej"]
[Black "Dios, Erwin Michael"]
[Result "0-1"]
[WhiteElo "1934"]
[BlackElo "2058"]
[PlyCount "80"]
[EventDate "2017.??.??"]
[WhiteTeam "SC Ehrenberg"]
[BlackTeam "SK Gießen"]

1. Nf3 c5 2. g3 g6 3. Bg2 Bg7 4. O-O Nc6 5. c3 e5 6. c4 Nge7 7. Nc3 O-O 8. d3
d6 9. a3 b6 10. Rb1 Bb7 11. b4 Qd7 12. e3 Rad8 13. Qb3 h6 14. Rd1 Kh7 15. Ne2
cxb4 16. axb4 d5 17. Bb2 d4 18. e4 Rc8 19. Ra1 Rc7 20. Bc1 Bc8 21. Nd2 Nd8 22.
f4 f5 23. fxe5 Bxe5 24. Nf3 Bg7 25. Bf4 Rb7 26. Ra2 Ne6 27. Be5 Bxe5 28. Nxe5
Qd6 29. Nf3 Nc6 30. exf5 Rxf5 31. Nh4 Rf6 32. b5 Na5 33. Rxa5 bxa5 34. Bxb7
Bxb7 35. Qb2 Qe5 36. Ng2 Ng5 37. Nef4 Nf3+ 38. Kh1 g5 39. Nh3 Ne1 40. Nhf4 gxf4
0-1

[Event "HEM A-Turnier"]
[Site "Marburg"]
[Date "2017.??.??"]
[Round "1.12"]
[White "Lesny, Florian"]
[Black "Bethke, Robert"]
[Result "1-0"]
[WhiteElo "2043"]
[BlackElo "1912"]
[PlyCount "119"]
[EventDate "2017.??.??"]
[WhiteTeam "SK Niederbrechen"]
[BlackTeam "SC Gelnhausen"]

1. e4 c5 2. Nf3 Nc6 3. d4 cxd4 4. Nxd4 g6 5. Nc3 Bg7 6. Be3 d6 7. Bc4 Nf6 8. f3
O-O 9. Qd2 Bd7 10. O-O-O a6 11. Bb3 Qa5 12. Kb1 Qc7 13. g4 b5 14. g5 Nh5 15.
Nd5 Qb7 16. Nxc6 Bxc6 17. Nb4 Rac8 18. Nxc6 Qxc6 19. Qd5 Be5 20. Qd2 Kh8 21. f4
Bg7 22. Bd5 Qc7 23. f5 Qd7 24. Rhf1 Be5 25. Bd4 Qc7 26. fxg6 fxg6 27. Be6 Rcd8
28. Bg4 Ng7 29. Bxe5 dxe5 30. Rxf8+ Rxf8 31. Qd5 e6 32. Qd3 Qb6 33. Qd2 Ne8 34.
Qc3 Qb8 35. Bxe6 Ng7 36. Bg4 Rf4 37. Qc8+ Qxc8 38. Bxc8 Nh5 39. Bxa6 Rxe4 40.
Bxb5 Rb4 41. a4 Nf4 42. c3 Re4 43. a5 Ne6 44. a6 Rf4 45. Rd6 Nc7 46. Rd8+ Kg7
47. Rd7+ Rf7 48. Rxf7+ Kxf7 49. a7 Ke6 50. Bc6 Kf5 51. a8=Q Nxa8 52. Bxa8 Kxg5
53. b4 Kf6 54. Kc2 Ke7 55. Kd3 Kd6 56. Ke4 h5 57. c4 g5 58. c5+ Ke6 59. Bd5+
Kf6 60. c6 1-0

[Event "HEM A-Turnier"]
[Site "Marburg"]
[Date "2017.??.??"]
[Round "1.13"]
[White "Diener, Carolin Valeria"]
[Black "Weber, Samuel"]
[Result "0-1"]
[WhiteElo "1897"]
[BlackElo "2039"]
[PlyCount "80"]
[EventDate "2017.??.??"]
[WhiteTeam "SK Bad Homburg"]
[BlackTeam "SC Flörsheim"]

1. e4 e5 2. Nf3 Nc6 3. Bb5 a6 4. Ba4 Nf6 5. O-O Be7 6. Re1 b5 7. Bb3 d6 8. c3
O-O 9. h3 Nb8 10. d4 Nbd7 11. Nbd2 Bb7 12. Bc2 Re8 13. Nf1 Bf8 14. Ng3 g6 15.
Bg5 h6 16. Bd2 Bg7 17. h4 c5 18. dxc5 Nxc5 19. b4 Ncd7 20. Bb3 d5 21. exd5 Bxd5
22. Bxd5 Nxd5 23. Bxh6 Nxc3 24. Qd2 Bxh6 25. Qxh6 Qf6 26. Qd2 Qc6 27. Rac1 Rac8
28. Rxc3 Qxc3 29. Qxd7 Rcd8 30. Qb7 Qxb4 31. Ne4 Re7 32. Qxa6 Rd3 33. Re2 Qc4
34. Qa8+ Kg7 35. Qa6 Re6 36. Qb7 Rxf3 37. Ng5 Ref6 38. Nxf3 Qxe2 39. Qd5 e4 40.
Ng5 Qxf2+ 0-1

[Event "HEM A-Turnier"]
[Site "Marburg"]
[Date "2017.??.??"]
[Round "1.14"]
[White "Feicht, Arno"]
[Black "Lukas, Anne"]
[Result "0-1"]
[WhiteElo "2038"]
[BlackElo "1822"]
[PlyCount "74"]
[EventDate "2017.??.??"]
[WhiteTeam "SV Alsfeld"]
[BlackTeam "SK Gernsheim"]

1. e4 c5 2. a3 g6 3. b4 Bg7 4. Nc3 b6 5. Rb1 d6 6. Nge2 Nf6 7. g3 Nbd7 8. Bg2
Rb8 9. O-O O-O 10. d3 Bb7 11. f4 e6 12. Nb5 d5 13. e5 Ne8 14. Nxa7 Nc7 15. bxc5
bxc5 16. Be3 Qe7 17. Qd2 Ba8 18. Qa5 Rxb1 19. Rxb1 d4 20. Qxc7 Bxg2 21. Kxg2
dxe3 22. Rb7 c4 23. Qxd7 Qxa3 24. Qb5 cxd3 25. Qxd3 Qc5 26. c4 Ra8 27. Qd4 Qa5
28. Qd7 Rf8 29. Nb5 Qe1 30. Nbc3 Qf2+ 31. Kh3 Qf1+ 32. Kh4 h6 33. Qc6 g5+ 34.
Kg4 h5+ 35. Kxg5 Qh3 36. Qf3 f6+ 37. exf6 Qf5+ 0-1

[Event "HEM A-Turnier"]
[Site "Marburg"]
[Date "2017.??.??"]
[Round "2.1"]
[White "Dios, Erwin Michael"]
[Black "Everett, Elijah"]
[Result "0-1"]
[WhiteElo "2058"]
[BlackElo "2182"]
[PlyCount "50"]
[EventDate "2017.??.??"]

1. g3 g6 2. Bg2 Bg7 3. Nf3 Nf6 4. c4 O-O 5. d4 d6 6. Nc3 Nc6 7. O-O a6 8. d5
Na5 9. Nd2 c5 10. Qc2 Rb8 11. b3 b5 12. Bb2 bxc4 13. bxc4 Bh6 14. Ncb1 e5 15.
Bc3 Qc7 16. h3 Nh5 17. Qa4 Nb7 18. Qc6 Qe7 19. Qxa6 f5 20. Qa3 e4 21. e3 f4 22.
Nxe4 f3 23. Bxf3 Rxf3 24. Nbd2 Bxh3 25. Nxf3 Qxe4 0-1

[Event "HEM A-Turnier"]
[Site "Marburg"]
[Date "2017.??.??"]
[Round "2.2"]
[White "Reschke, Thomas"]
[Black "Lesny, Florian"]
[Result "1/2-1/2"]
[WhiteElo "2118"]
[BlackElo "2043"]
[PlyCount "47"]
[EventDate "2017.??.??"]

1. c4 c5 2. g3 g6 3. Bg2 Bg7 4. Nc3 Nc6 5. e4 e6 6. Nge2 Nge7 7. d3 d6 8. Rb1
O-O 9. a3 a5 10. O-O Rb8 11. Be3 Nd4 12. b4 axb4 13. axb4 Bd7 14. bxc5 dxc5 15.
Bf4 e5 16. Bg5 f6 17. Be3 Qc7 18. f4 Bg4 19. Qd2 Nxe2+ 20. Nxe2 Bxe2 21. Qxe2
f5 22. Rb5 b6 23. fxe5 Bxe5 24. Bg5 1/2-1/2

[Event "HEM A-Turnier"]
[Site "Marburg"]
[Date "2017.??.??"]
[Round "2.3"]
[White "Weber, Samuel"]
[Black "Tornay Gomez, Josu"]
[Result "0-1"]
[WhiteElo "2039"]
[BlackElo "2105"]
[PlyCount "152"]
[EventDate "2017.??.??"]

1. e4 c5 2. Nf3 g6 3. d3 Bg7 4. g3 d5 5. Nbd2 Nf6 6. Bg2 dxe4 7. dxe4 Nc6 8.
O-O O-O 9. Qe2 Nb4 10. Rd1 Be6 11. Nb3 Bc4 12. Rxd8 Bxe2 13. Rxf8+ Rxf8 14. Ne1
b6 15. c3 Nc6 16. f4 e5 17. Kf2 Ba6 18. Bf3 Re8 19. Nd2 h5 20. Ng2 Bh6 21. b3
Rd8 22. Be2 Ng4+ 23. Bxg4 hxg4 24. Ke1 f5 25. Nc4 Bxc4 26. bxc4 exf4 27. Bxf4
Bxf4 28. Nxf4 Re8 29. Kf2 Rxe4 30. Nxg6 Rxc4 31. Rc1 Kf7 32. Nf4 Ne5 33. Ke2
Re4+ 34. Kf1 Nf3 35. h4 Nxh4 36. Rd1 Nf3 37. Rd7+ Re7 38. Rd5 Ne5 39. a4 Ke8
40. a5 Nc4 41. Kf2 Nxa5 42. Rxf5 Nc4 43. Rg5 Ne3 44. Rg8+ Kf7 45. Rd8 Nc4 46.
Nd5 Rb7 47. Ke2 Ne5 48. Rh8 Kg7 49. Re8 Nf7 50. Re4 Nh6 51. c4 Kf8 52. Re6 Nf5
53. Kf2 Rf7 54. Kg2 Kg7 55. Re4 Nh6 56. Re6 Rd7 57. Nf4 Rd2+ 58. Kf1 Nf5 59.
Nh5+ Kg8 60. Rg6+ Kh7 61. Rf6 Ne3+ 62. Ke1 Nxc4 63. Rf4 Rd4 64. Rxd4 cxd4 65.
Nf6+ Kg6 66. Nxg4 Kf5 67. Nf2 Nd6 68. Nd3 Ne4 69. Nb4 a5 70. Nd5 b5 71. Ne7+
Ke6 72. Nc6 Kd5 73. Nxa5 Nxg3 74. Kd2 Ne4+ 75. Kc2 Nc5 76. Kb2 Kd6 0-1

[Event "HEM A-Turnier"]
[Site "Marburg"]
[Date "2017.??.??"]
[Round "2.4"]
[White "Flach, Erich"]
[Black "Ries, Jutta"]
[Result "1-0"]
[WhiteElo "2098"]
[BlackElo "1983"]
[PlyCount "139"]
[EventDate "2017.??.??"]

1. c4 Nf6 2. Nc3 c5 3. Nf3 b6 4. g3 Bb7 5. Bg2 e6 6. O-O Be7 7. Re1 O-O 8. e4
d6 9. d4 Nbd7 10. d5 e5 11. Nd2 Ne8 12. f4 f5 13. exf5 exf4 14. gxf4 Bc8 15.
Bh3 Bf6 16. Nde4 Bd4+ 17. Be3 Bxe3+ 18. Rxe3 Qh4 19. Qf1 Ndf6 20. Ng5 Nh5 21.
Ne2 Bxf5 22. Bxf5 Rxf5 23. Ne6 Nef6 24. Qg2 g6 25. Rf1 Qg4 26. Ng3 Nxf4 27.
Nxf4 Rxf4 28. Re6 Rxf1+ 29. Qxf1 Qd4+ 30. Qf2 Qxf2+ 31. Kxf2 Ng4+ 32. Kg1 Ne5
33. b3 Nf7 34. Ne4 Rd8 35. Re7 Ra8 36. Rd7 Kf8 37. Nxd6 Nxd6 38. Rxd6 Ke7 39.
Re6+ Kd7 40. Kg2 Rf8 41. Re3 Rf7 42. Rf3 Re7 43. Kf2 Kd6 44. a3 Rd7 45. Re3
Rf7+ 46. Kg3 Kd7 47. Rf3 Re7 48. Kg4 Re4+ 49. Kg5 Ke7 50. Rh3 Re5+ 51. Kf4 Rf5+
52. Ke4 h5 53. Rf3 Rg5 54. Rg3 Rxg3 55. hxg3 g5 56. Kf5 h4 57. gxh4 gxh4 58.
Kg4 b5 59. Kxh4 Kd6 60. Kg5 Ke5 61. Kg6 a5 62. a4 bxa4 63. bxa4 Kd4 64. d6 Kxc4
65. d7 Kb3 66. d8=Q Kxa4 67. Qb6 c4 68. Qb2 c3 69. Qxc3 Kb5 70. Qa3 1-0

[Event "HEM A-Turnier"]
[Site "Marburg"]
[Date "2017.??.??"]
[Round "2.5"]
[White "Lukas, Anne"]
[Black "Goloborodko, Dimitri"]
[Result "0-1"]
[WhiteElo "1822"]
[BlackElo "2090"]
[PlyCount "84"]
[EventDate "2017.??.??"]

1. d4 d5 2. c4 c6 3. Nc3 e6 4. cxd5 exd5 5. Nf3 Bg4 6. Ne5 Bh5 7. Qb3 Qb6 8.
Qxb6 axb6 9. g4 Bg6 10. h4 f6 11. Nxg6 hxg6 12. Bg2 Bd6 13. e4 dxe4 14. Bxe4
Ne7 15. Be3 f5 16. Bf3 b5 17. Ne2 Nd7 18. Nf4 Kf7 19. Kd2 Nb6 20. Kc2 Ra6 21.
Nd3 Nbd5 22. Bg5 Rha8 23. Rhe1 Rxa2 24. Rxa2 Rxa2 25. Bxe7 Nxe7 26. Ne5+ Bxe5
27. Rxe5 Ra8 28. d5 Rd8 29. dxc6 bxc6 30. g5 Rd4 31. h5 Rf4 32. hxg6+ Kxg6 33.
Re6+ Kxg5 34. Rxe7 Rxf3 35. Rxg7+ Kf4 36. Rg2 c5 37. Rh2 Ke5 38. Kd2 c4 39. Kc2
Ke4 40. Kd2 f4 41. Ke2 Rb3 42. Ke1 f3 0-1

[Event "HEM A-Turnier"]
[Site "Marburg"]
[Date "2017.??.??"]
[Round "2.6"]
[White "Sadeghi, Behrang"]
[Black "Rolf, Marco"]
[Result "1/2-1/2"]
[WhiteElo "2283"]
[BlackElo "2067"]
[PlyCount "39"]
[EventDate "2017.??.??"]

1. e4 e6 2. d4 d5 3. e5 c5 4. c3 Nc6 5. Nf3 Bd7 6. a3 c4 7. Nbd2 Na5 8. g3 Bc6
9. Bg2 Qd7 10. O-O Ne7 11. Ng5 h6 12. Nh3 O-O-O 13. Nf4 Nf5 14. Re1 Be7 15. Nh5
Rdg8 16. h3 g6 17. Nf6 Bxf6 18. exf6 Qd8 19. Nf3 g5 20. Ne5 1/2-1/2

[Event "HEM A-Turnier"]
[Site "Marburg"]
[Date "2017.??.??"]
[Round "2.7"]
[White "Henrich, David"]
[Black "Wolff, Peter"]
[Result "1/2-1/2"]
[WhiteElo "2153"]
[BlackElo "1946"]
[PlyCount "105"]
[EventDate "2017.??.??"]

1. c4 c6 2. Nf3 d5 3. e3 Bg4 4. cxd5 cxd5 5. Qa4+ Bd7 6. Qb3 Qc7 7. Nc3 e6 8.
Nb5 Bxb5 9. Bxb5+ Nc6 10. Qa4 Bd6 11. d3 Nge7 12. Bd2 O-O 13. Rc1 Qb6 14. O-O
a6 15. Bxc6 Nxc6 16. Bc3 e5 17. Qg4 f5 18. Qh4 Rf6 19. d4 e4 20. Ne5 Qc7 21.
Qf4 Raf8 22. Rfd1 Qd8 23. h3 Rh6 24. Qg3 Kh8 25. f4 Be7 26. Qf2 Qe8 27. Qe2
Rff6 28. Kh2 Re6 29. Rg1 Bh4 30. g3 Bd8 31. Be1 Nxe5 32. dxe5 Rc6 33. Bc3 Bb6
34. Rgd1 Qe6 35. h4 Rc4 36. b3 Rc6 37. Qd2 Kg8 38. Bd4 Bd8 39. Qf2 Qg6 40. Bc3
Qg4 41. Be1 Kf7 42. Qd2 d4 43. Rxc6 Rxc6 44. Qxd4 Qe2+ 45. Kg1 Rc2 46. Qd7+ Be7
47. Qxf5+ Ke8 48. Qd7+ Kf8 49. Qf5+ Ke8 50. Qd7+ Kf8 51. Qf5+ Ke8 52. Qd7+ Kf8
53. Qf5+ 1/2-1/2

[Event "HEM A-Turnier"]
[Site "Marburg"]
[Date "2017.??.??"]
[Round "2.10"]
[White "Schirra, Maurice"]
[Black "Nekhamkis, Genadi"]
[Result "0-1"]
[WhiteElo "1948"]
[BlackElo "2121"]
[PlyCount "132"]
[EventDate "2017.??.??"]

1. e4 d5 2. exd5 Nf6 3. Bb5+ Bd7 4. Be2 Nxd5 5. d4 Bf5 6. Bd3 Qd7 7. Qf3 Bxd3
8. Qxd3 Nb4 9. Qd2 Qxd4 10. Qxd4 Nxc2+ 11. Kd1 Nxd4 12. Be3 Nbc6 13. Nd2 e5 14.
Ngf3 Nxf3 15. Nxf3 O-O-O+ 16. Ke2 f6 17. a3 g5 18. h3 h5 19. g4 Be7 20. Rac1
Rhe8 21. Nd2 h4 22. Ne4 Nd4+ 23. Kf1 Rd7 24. Kg2 Red8 25. Rc4 a6 26. Rcc1 Rg8
27. Rhe1 f5 28. Nc5 Bxc5 29. Rxc5 f4 30. Bc1 Nc6 31. b4 Re8 32. Bb2 Rde7 33.
Ra5 Re6 34. b5 axb5 35. Rxb5 b6 36. Re4 R8e7 37. a4 Kd7 38. Ba3 Rg7 39. Bb2 Ke8
40. f3 Rge7 41. Ba3 Rd7 42. Bb2 Rd2+ 43. Kg1 Rd1+ 44. Kg2 Red6 45. Re2 R1d2 46.
Rxd2 Rxd2+ 47. Kf1 Kf7 48. Bxe5 Nxe5 49. Rxe5 Kf6 50. Re4 Rh2 51. Rc4 c5 52.
Rc3 Ke5 53. Rb3 c4 54. Rxb6 c3 55. Rc6 c2 56. Ke1 Kd4 57. a5 Ke3 58. Rc3+ Kd4
59. Rc7 Kd3 60. Rd7+ Ke3 61. Re7+ Kxf3 62. Rc7 Ke3 63. Rc3+ Kd4 64. Rc8 Kd3 65.
Rd8+ Kc4 66. Rc8+ Kb5 0-1

[Event "HEM A-Turnier"]
[Site "Marburg"]
[Date "2017.??.??"]
[Round "2.11"]
[White "Maar, Samuel"]
[Black "Feicht, Arno"]
[Result "0-1"]
[WhiteElo "1947"]
[BlackElo "2038"]
[PlyCount "116"]
[EventDate "2017.??.??"]

1. e4 c5 2. Nc3 Nc6 3. f4 e6 4. Nf3 d5 5. exd5 exd5 6. d4 Nf6 7. Bb5 Bg4 8. O-O
Be7 9. Be3 Qb6 10. Qe1 O-O 11. Rd1 Bxf3 12. gxf3 cxd4 13. Bf2 Bc5 14. Bxc6 dxc3
15. Bxd5 Rad8 16. Bc4 Rxd1 17. Qxd1 Rd8 18. Bd3 Bxf2+ 19. Rxf2 cxb2 20. Qb1 Nd5
21. c4 Nxf4 22. Bxh7+ Kh8 23. Bf5 Rd1+ 24. Qxd1 Nh3+ 25. Kg2 Nxf2 26. Qd7 g6
27. Bb1 Qe3 28. Qd5 Kg7 29. Bc2 Ng4 30. fxg4 Qe2+ 31. Kg3 Qxc2 32. Qe5+ Kh7 33.
Qf6 Qd3+ 34. Kg2 Qxc4 35. Qxb2 Qxg4+ 36. Kf2 Qf4+ 37. Kg2 b6 38. Qa3 Qe4+ 39.
Kg3 a5 40. Qb3 Qe6 41. Qa4 Qe3+ 42. Kg2 Qd2+ 43. Kg3 Qb4 44. Qc2 b5 45. Qf2 Qc4
46. h4 b4 47. h5 a4 48. hxg6+ Kxg6 49. Qb6+ f6 50. Qd8 b3 51. Qe8+ Kg7 52. Qd7+
Qf7 53. Qb5 bxa2 54. Qxa4 Qd5 55. Kf2 Qd2+ 56. Kf3 Qc3+ 57. Kg4 a1=Q 58. Qd7+
Kh6 0-1

[Event "HEM A-Turnier"]
[Site "Marburg"]
[Date "2017.??.??"]
[Round "2.12"]
[White "Keuth, Gerd Erich"]
[Black "Laschenko, Sergej"]
[Result "1-0"]
[WhiteElo "2028"]
[BlackElo "1934"]
[PlyCount "109"]
[EventDate "2017.??.??"]

1. c4 Nf6 2. Nc3 e6 3. e4 d5 4. e5 d4 5. exf6 dxc3 6. bxc3 Qxf6 7. d4 c5 8. Nf3
h6 9. Be2 cxd4 10. cxd4 Bb4+ 11. Bd2 Bxd2+ 12. Qxd2 O-O 13. O-O Rd8 14. Rfd1
Nc6 15. Qb2 b6 16. Rd2 Ba6 17. Rc1 Qf4 18. d5 exd5 19. cxd5 Bxe2 20. Rxe2 Nb4
21. Rd1 Rxd5 22. Rxd5 Nxd5 23. Qb3 Qc1+ 24. Re1 Qc6 25. Rd1 Nf4 26. Qxf7+ Kxf7
27. Ne5+ Ke6 28. Nxc6 a5 29. Nd4+ Ke5 30. g3 Nd5 31. f4+ Ke4 32. Ne6 Ra7 33.
Rd4+ Kf5 34. Nxg7+ Rxg7 35. Rxd5+ Ke4 36. Rb5 Rg6 37. Kf2 Rc6 38. Re5+ Kd4 39.
Re2 b5 40. g4 b4 41. f5 a4 42. Kf3 Rc3+ 43. Kf4 Kd3 44. Re4 b3 45. axb3 axb3
46. f6 b2 47. Re1 Rc1 48. Re3+ Kc4 49. Re4+ Kb3 50. Re3+ Kb4 51. f7 Rc4+ 52.
Kf3 Rc8 53. Re8 Rc3+ 54. Kg2 Rc2+ 55. Kg3 1-0